Čo doteraz vieme o Karwinskia humboldtiana

Podrobná bibliografia
Hlavní autori: Sadloňová, Karin (Autor), Stano, Ján (Autor)
Médium: Článok
Jazyk:slovenčina
Fyzický popis:Obr. 1
ISSN:0323-2646
Predmet:

MARC

LEADER 00000nab a2200000 a 4500
001 vtls000628200
003 SK-MaSNL
005 20260304095318.0
008 250425c1997 xo 0 slo
015 |a SNBRB19rr/mm-uuuuu 
035 |a CL0628339 
035 |a urn:nbn:sk:snk-abgop 
035 |a (urnnbn)urn:nbn:sk:snk:ar-002dzp 
035 |a (uuid)c561c48c-ccdf-4075-aa95-c1429bb0cb83 
040 |a SNKBUCL  |b slo  |c SNKBUCL  |e AACR2 
041 0 |a slo 
044 |a xo  |c SK 
080 |a 582.852  |2 1981 
100 1 |a Sadloňová, Karin  |4 aut  |9 836802 
245 1 0 |a Čo doteraz vieme o Karwinskia humboldtiana  |c Karin Sadloňová, Ján Stano 
300 |b Obr. 1 
650 0 7 |a Karwinskia humboldtiana  |2 snkbucl  |9 999348 
655 7 |a články z novín a časopisov  |2 snkbucl  |9 267496 
700 1 |a Stano, Ján  |4 aut  |9 518880 
773 0 |t Naše liečivé rastliny  |g Roč. 34, č. 3 (1997), s. 78-80  |x 0323-2646 
850 |a Slovenská národná knižnica 
852 |a Slovenská národná knižnica 
954 |a odborná, vedecká literatúra pôvodná (slovenská)  |2 lita 
958 |a article27 
958 |a RK 
958 |a OND 
958 |a EUIPO 
992 |a RBX 
999 |c 2831985  |d 2833915